MARC details
| 000 -CABECERA |
| campo de control de longitud fija |
00924nam a2200217 a 4500 |
| 001 - NÚMERO DE CONTROL |
| campo de control |
000003150 |
| 005 - FECHA Y HORA DE LA ÚLTIMA TRANSACCIÓN |
| campo de control |
20200929150338.0 |
| 008 - DATOS DE LONGITUD FIJA--INFORMACIÓN GENERAL |
| campo de control de longitud fija |
721221s1977 ag b 000 0 spa |
| 040 ## - FUENTE DE LA CATALOGACIÓN |
| Centro catalogador/agencia de origen |
DO-SdBNP |
| Lengua de catalogación |
spa |
| Centro/agencia transcriptor |
BNPHU |
| 082 ## - NÚMERO DE LA CLASIFICACIÓN DECIMAL DEWEY |
| Número de clasificación |
810.9 |
| Número de documento/Ítem |
P467r |
| 245 00 - MENCIÓN DE TÍTULO |
| Título |
Perspectivas regionales : |
| Resto del título |
revisión del legado literario de Estados Unidos / |
| Mención de responsabilidad, etc. |
recopilador, John Gordon Burke; traducción, Manuel Barberá; editado por American Library Association. |
| 260 ## - PUBLICACIÓN, DISTRIBUCIÓN, ETC. |
| Lugar de publicación, distribución, etc. |
Buenos Aires : |
| Nombre del editor, distribuidor, etc. |
Las Paralelas, |
| Fecha de publicación, distribución, etc. |
1977. |
| 300 ## - DESCRIPCIÓN FÍSICA |
| Extensión |
381 p. ; |
| Dimensiones |
21 cm. |
| 534 ## - NOTA SOBRE LA VERSIÓN ORIGINAL |
| Encabezamiento principal del original |
Regional perspectives an examination of America's literary heritage. / |
| 500 ## - NOTA GENERAL |
| Nota general |
Incluye notas a pie de páginas. |
| 650 #4 - PUNTO DE ACCESO ADICIONAL DE MATERIA--TÉRMINO DE MATERIA |
| Término de materia o nombre geográfico como elemento de entrada |
Literatura estadounidense |
| Subdivisión general |
Historia y crítica |
| 9 (RLIN) |
6786 |
| 650 #4 - PUNTO DE ACCESO ADICIONAL DE MATERIA--TÉRMINO DE MATERIA |
| Término de materia o nombre geográfico como elemento de entrada |
Literatura y sociedad |
| Subdivisión geográfica |
Estados Unidos |
| 9 (RLIN) |
9938 |
| 700 1# - PUNTO DE ACCESO ADICIONAL--NOMBRE DE PERSONA |
| Nombre de persona |
Gordon Burke, John |
| Término indicativo de función/relación |
recop. |
| 9 (RLIN) |
9939 |
| 700 1# - PUNTO DE ACCESO ADICIONAL--NOMBRE DE PERSONA |
| Nombre de persona |
Barberá, Manuel |
| Término indicativo de función/relación |
tr. |
| 9 (RLIN) |
9940 |
| 710 1# - PUNTO DE ACCESO ADICIONAL--NOMBRE DE ENTIDAD CORPORATIVA |
| Nombre de entidad corporativa o nombre de jurisdicción como elemento de entrada |
American Library Association, |
| Término indicativo de función/relación |
ed. |
| 9 (RLIN) |
9941 |